[Event "Deizisau Autumn op 14th"]
[Site "Deizisau"]
[Date "2019.10.26"]
[Round "3"]
[White "Frolik, Erhard"]
[Black "Doeserich, Juergen"]
[Result "1-0"]
[WhiteElo "2317"]
[BlackElo "1975"]
[PlyCount "67"]
[EventDate "2019.10.25"]
[EventType "swiss"]
[EventRounds "7"]
[EventCountry "GER"]
[SourceTitle "CBM 192 Extra"]
[Source "Chessbase"]
[SourceDate "2019.11.06"]
[SourceVersion "1"]
[SourceVersionDate "2019.11.06"]
[SourceQuality "1"]

1. e4 c5 2. c3 d5 3. exd5 Qxd5 4. d4 Nf6 5. Nf3 e6 6. Na3 Nc6 7. Nc2 Be7 8. Be2 0-0 9. 0-0 Rd8 10. Be3 cxd4 11. Ncxd4 Bd7 12. Qc2 Be8 13. Rfd1 Qa5 14. Qb3 Nxd4 15. Rxd4 Rxd4 16. Bxd4 Qc7 17. Be5 Qc6 18. Bd4 Qc7 19. h3 b5 20. Bxb5 Rb8 21. Qc4 Qxc4 22. Bxc4 Rxb2 23. Bxa7 Ne4 24. Bd4 Bf6 25. Ne5 Bxe5 26. Bxe5 Nxf2 27. a4 Bc6 28. a5 Ne4 29. a6 Nd2 30. a7 Ba8 31. Rd1 Kf8 32. Bd3 Nb3 33. Bf1 Nd2 34. Bf4 1-0

[Event "Oberliga Wuerttemberg 0708"]
[Site "Wuerttemberg"]
[Date "2008.04.20"]
[Round "9.6"]
[White "Mehrer, Michael"]
[Black "Frolik, Erhard"]
[Result "0-1"]
[WhiteElo "2193"]
[BlackElo "2294"]
[PlyCount "114"]
[EventDate "2007.10.07"]
[EventType "team-tourn"]
[EventRounds "9"]
[EventCountry "GER"]
[SourceTitle "EXT 2018"]
[Source "ChessBase"]
[SourceDate "2017.10.13"]
[SourceVersion "1"]
[SourceVersionDate "2017.10.13"]
[SourceQuality "1"]
[WhiteTeam "Ebersbach"]
[BlackTeam "Boeblingen"]
[WhiteTeamCountry "GER"]
[BlackTeamCountry "GER"]

1. e4 c5 2. Nc3 e6 3. g3 d5 4. exd5 exd5 5. d4 Nc6 6. dxc5 d4 7. Ne4 Bxc5 8. Nxc5 Qa5+ 9. Bd2 Qxc5 10. c3 Bf5 11. b4 Qd5 12. f3 d3 13. Qb3 Qxb3 14. axb3 Nge7 15. g4 Bg6 16. Nh3 0-0 17. Nf4 Ne5 18. Kf2 a6 19. h4 h6 20. Re1 N7c6 21. Rg1 Bh7 22. g5 hxg5 23. Rxg5 f6 24. Rg3 Kf7 25. Bh3 Rfe8 26. Ne6 Rxe6 27. Bxe6+ Kxe6 28. f4 Rg8 29. fxe5 fxe5 30. Reg1 Rf8+ 31. Rf3 Rg8 32. Rg5 Be4 33. Rfg3 Rh8 34. Ke3 Bf5 35. h5 Kf6 36. c4 Nd4 37. Rxg7 Rxh5 38. Rg2 Nc2+ 39. Kf2 Be4 40. Rd7 Rf5+ 41. Kg1 Bxg2 42. Kxg2 e4 43. Rxb7 e3 44. Bc3+ Kg5 45. Rd7 d2 46. Kg3 Rf1 47. Bxd2 exd2 48. Rxd2 Nxb4 49. Rd6 Rb1 50. Kf3 Kf5 51. Ke3 Ke5 52. Rd8 Rxb3+ 53. Kd2 a5 54. Ra8 Ra3 55. Rd8 Rh3 56. Ra8 Nc6 57. Ra6 Kd6 0-1

[Event "Oberliga Wuerttemberg 0708"]
[Site "Wuerttemberg"]
[Date "2008.04.06"]
[Round "8.8"]
[White "Frolik, Erhard"]
[Black "Mock, Oskar"]
[Result "1-0"]
[WhiteElo "2294"]
[BlackElo "1973"]
[PlyCount "69"]
[EventDate "2007.10.07"]
[EventType "team-tourn"]
[EventRounds "9"]
[EventCountry "GER"]
[SourceTitle "EXT 2018"]
[Source "ChessBase"]
[SourceDate "2017.10.13"]
[SourceVersion "1"]
[SourceVersionDate "2017.10.13"]
[SourceQuality "1"]
[WhiteTeam "Boeblingen"]
[BlackTeam "Stuttgart SF II"]
[WhiteTeamCountry "GER"]
[BlackTeamCountry "GER"]

1. e4 e5 2. Nf3 d6 3. d4 exd4 4. Nxd4 Nf6 5. Nc3 Be7 6. Nde2 Nbd7 7. g3 Nc5 8. Bg2 c6 9. 0-0 h5 10. h3 Bd7 11. Bf4 Qc8 12. Bxd6 Bxh3 13. Bxe7 Bxg2 14. Kxg2 Kxe7 15. e5 Ne8 16. Qd4 b6 17. Qh4+ Kf8 18. Rad1 Qc7 19. b4 Ne6 20. Qe4 Rc8 21. f4 c5 22. Nd5 Qc6 23. bxc5 Nxc5 24. Qf3 Qa4 25. Nd4 h4 26. g4 h3+ 27. Kh1 Qxa2 28. f5 Rh4 29. Ne6+ Nxe6 30. fxe6 f6 31. exf6 gxf6 32. Nxf6 Qxe6 33. Nxe8+ Kg8 34. Qf8+ Kh7 35. Qg7# 1-0

[Event "Oberliga Wuerttemberg 0708"]
[Site "Wuerttemberg"]
[Date "2008.02.10"]
[Round "6.7"]
[White "Montigel, Philipp"]
[Black "Frolik, Erhard"]
[Result "0-1"]
[WhiteElo "2177"]
[BlackElo "2294"]
[PlyCount "56"]
[EventDate "2007.10.07"]
[EventType "team-tourn"]
[EventRounds "9"]
[EventCountry "GER"]
[SourceTitle "EXT 2018"]
[Source "ChessBase"]
[SourceDate "2017.10.13"]
[SourceVersion "1"]
[SourceVersionDate "2017.10.13"]
[SourceQuality "1"]
[WhiteTeam "Wolfbusch"]
[BlackTeam "Boeblingen"]
[WhiteTeamCountry "GER"]
[BlackTeamCountry "GER"]

1. f4 d5 2. Nf3 g6 3. g3 Bg7 4. Bg2 Nf6 5. 0-0 0-0 6. d3 c5 7. Qe1 Nc6 8. e4 dxe4 9. dxe4 e5 10. Nc3 exf4 11. gxf4 Re8 12. e5 Nd5 13. Nxd5 Qxd5 14. Be3 Qc4 15. Qf2 Bf5 16. c3 Rad8 17. b3 Qxc3 18. Rac1 Qd3 19. Bxc5 f6 20. Bxa7 fxe5 21. Bb6 e4 22. Ne1 Qb5 23. Nc2 e3 24. Bxe3 Bxc2 25. Bxc6 bxc6 26. Qxc2 Rxe3 27. Qxc6 Qxc6 28. Rxc6 Re2 0-1

[Event "BL2-Sued 0304"]
[Site "Germany"]
[Date "2004.??.??"]
[Round "?.5"]
[White "Frolik, Erhard"]
[Black "Biebinger, Gerhard"]
[Result "0-1"]
[WhiteElo "2260"]
[BlackElo "2340"]
[PlyCount "89"]
[EventDate "2003.10.??"]
[EventType "team-tourn"]
[EventRounds "9"]
[EventCountry "GER"]
[SourceTitle "CBM 100 Extra"]
[Source "ChessBase"]
[SourceDate "2004.07.06"]
[SourceVersion "2"]
[SourceVersionDate "2004.07.06"]
[SourceQuality "1"]
[WhiteTeam "Boeblingen"]
[BlackTeam "Kirchheim"]
[WhiteTeamCountry "GER"]
[BlackTeamCountry "GER"]

1. e4 e6 2. d4 d5 3. e5 c5 4. Nf3 Nc6 5. Bd3 Nxd4 6. Nxd4 cxd4 7. 0-0 Ne7 8. Nd2 Nc6 9. Nf3 Be7 10. Bf4 Bd7 11. Re1 g5 12. Bg3 g4 13. Nd2 h5 14. h3 gxh3 15. gxh3 Qb6 16. a3 0-0-0 17. b4 Rdg8 18. Kh1 h4 19. Bf4 f6 20. Nf3 Rf8 21. b5 Nxe5 22. Nxe5 fxe5 23. Bxe5 Bf6 24. Qe2 Bxe5 25. Qxe5 Rh6 26. Re2 Rhf6 27. Rg1 Qc5 28. Rg2 Rf3 29. Kg1 Qxa3 30. Rg7 Qc1+ 31. Kg2 Qf4 32. Qxf4 R3xf4 33. Rh7 R8f6 34. Kg1 Kc7 35. Re1 Kd6 36. Ra1 Rf7 37. Rh6 R7f6 38. Rh7 e5 39. Rg7 e4 40. Rxa7 Rf7 41. Rxf7 Rxf7 42. Be2 Rf8 43. Kg2 Rg8+ 44. Kh2 Rc8 45. Rxb7 0-1

[Event "BL2-Sued 0304"]
[Site "Germany"]
[Date "2004.??.??"]
[Round "?.6"]
[White "Frolik, Erhard"]
[Black "Gschwendtner, Michael"]
[Result "1/2-1/2"]
[WhiteElo "2260"]
[BlackElo "2245"]
[PlyCount "38"]
[EventDate "2003.10.??"]
[EventType "team-tourn"]
[EventRounds "9"]
[EventCountry "GER"]
[SourceTitle "CBM 100 Extra"]
[Source "ChessBase"]
[SourceDate "2004.07.06"]
[SourceVersion "2"]
[SourceVersionDate "2004.07.06"]
[SourceQuality "1"]
[WhiteTeam "Boeblingen"]
[BlackTeam "Pasing"]
[WhiteTeamCountry "GER"]
[BlackTeamCountry "GER"]

1. e4 c5 2. Nf3 d6 3. Bb5+ Bd7 4. Bxd7+ Qxd7 5. c4 Nc6 6. d4 cxd4 7. Nxd4 g6 8. 0-0 Bg7 9. Nc2 Nf6 10. Nc3 0-0 11. f3 Ne8 12. Qd2 Nc7 13. b3 a6 14. Rb1 b5 15. Nd5 Nxd5 16. cxd5 Qa7+ 17. Kh1 Nd4 18. Bb2 Nxc2 19. Bxg7 Kxg7 1/2-1/2

[Event "BL2-Sued 0304"]
[Site "Germany"]
[Date "2004.??.??"]
[Round "?.5"]
[White "Frolik, Erhard"]
[Black "Salvermoser, Bernd"]
[Result "1-0"]
[WhiteElo "2260"]
[BlackElo "2325"]
[PlyCount "79"]
[EventDate "2003.10.??"]
[EventType "team-tourn"]
[EventRounds "9"]
[EventCountry "GER"]
[SourceTitle "CBM 100 Extra"]
[Source "ChessBase"]
[SourceDate "2004.07.06"]
[SourceVersion "2"]
[SourceVersionDate "2004.07.06"]
[SourceQuality "1"]
[WhiteTeam "Boeblingen"]
[BlackTeam "Pang/Rosenheim"]
[WhiteTeamCountry "GER"]
[BlackTeamCountry "GER"]

1. e4 c6 2. d4 d5 3. e5 Bf5 4. Bd3 Bxd3 5. Qxd3 e6 6. f4 Ne7 7. Nf3 Qb6 8. 0-0 h5 9. b3 Nd7 10. Nc3 Nf5 11. Na4 Qb5 12. Qd1 Qa6 13. Nc3 c5 14. Ne2 cxd4 15. Nexd4 Bc5 16. c3 Rc8 17. Kh1 Bxd4 18. Nxd4 Rxc3 19. Nxf5 exf5 20. Bb2 Rd3 21. Qc2 0-0 22. Rfd1 Rxd1+ 23. Rxd1 g6 24. h3 b6 25. e6 fxe6 26. Qc3 Nf6 27. Re1 b5 28. Qe5 Rf7 29. Rc1 Qb7 30. Qxe6 Qe7 31. Qxe7 Rxe7 32. Bxf6 Re2 33. Rc5 Kf7 34. Be5 Rd2 35. Rxb5 Ke6 36. Ra5 d4 37. Rxa7 d3 38. Ra5 Rc2 39. Ra6+ Kd5 40. Ra4 1-0

[Event "BL2-Sued 0304"]
[Site "Germany"]
[Date "2003.??.??"]
[Round "?.6"]
[White "Frolik, Erhard"]
[Black "Kluss, Kai"]
[Result "1-0"]
[WhiteElo "2260"]
[BlackElo "2235"]
[PlyCount "125"]
[EventDate "2003.10.??"]
[EventType "team-tourn"]
[EventRounds "9"]
[EventCountry "GER"]
[SourceTitle "CBM 100 Extra"]
[Source "ChessBase"]
[SourceDate "2004.07.06"]
[SourceVersion "2"]
[SourceVersionDate "2004.07.06"]
[SourceQuality "1"]
[WhiteTeam "Boeblingen"]
[BlackTeam "Bad Mergentheim"]
[WhiteTeamCountry "GER"]
[BlackTeamCountry "GER"]

1. e4 c5 2. Nf3 Nc6 3. d4 cxd4 4. Nxd4 Nf6 5. Nc3 d6 6. f3 e6 7. Be3 a6 8. Qd2 Bd7 9. g4 Nxd4 10. Bxd4 Bc6 11. 0-0-0 b5 12. g5 Nd7 13. Bg2 b4 14. Ne2 a5 15. f4 Bb5 16. Ng3 Qc7 17. Nh5 e5 18. Be3 Rc8 19. Kb1 Ba4 20. Rc1 Nb6 21. b3 Bd7 22. h3 Be6 23. Bf1 Qc6 24. Be2 Na4 25. bxa4 Qxa4 26. c4 bxc3 27. Qc2 Rb8+ 28. Ka1 Qa3 29. Rb1 Rb4 30. Bc1 Rxb1+ 31. Qxb1 Qc5 32. Qb8+ Qc8 33. Qb5+ Bd7 34. Qxa5 exf4 35. Bb5 Rg8 36. Bxf4 Be7 37. Rc1 c2 38. Bxd7+ Kxd7 39. Qf5+ Kd8 40. Qxc8+ Kxc8 41. Rxc2+ Kd7 42. Ng3 h6 43. h4 hxg5 44. hxg5 g6 45. Nf1 f6 46. Rg2 Rf8 47. Ne3 Bd8 48. Rd2 fxg5 49. Bxd6 Rf3 50. Bh2+ Ke6 51. Ng4 Be7 52. Kb1 Bc5 53. Kc2 Ra3 54. Kb2 Ra4 55. Re2 Rb4+ 56. Kc3 Ra4 57. Kb3 Rb4+ 58. Kc3 Ra4 59. Kd3 Rb4 60. Be5 Rb1 61. Rc2 Rb5 62. a4 Rb3+ 63. Rc3 1-0

[Event "Oberliga Wuerttemberg 0203"]
[Site "Wuerttemberg"]
[Date "2002.12.01"]
[Round "3"]
[White "Frolik, Erhard"]
[Black "Stanescu, Christian"]
[Result "1-0"]
[WhiteElo "2179"]
[BlackElo "2063"]
[PlyCount "53"]
[EventDate "2002.10.13"]
[EventType "team-tourn"]
[EventRounds "9"]
[EventCountry "GER"]
[SourceTitle "EXT 2019"]
[Source "ChessBase"]
[SourceDate "2018.10.10"]
[SourceVersion "1"]
[SourceVersionDate "2018.10.10"]
[SourceQuality "1"]
[WhiteTeam "Boeblingen"]
[BlackTeam "Ditzingen"]
[WhiteTeamCountry "GER"]
[BlackTeamCountry "GER"]

1. e4 c5 2. Nf3 d6 3. d4 cxd4 4. Nxd4 Nf6 5. Nc3 a6 6. Be3 e5 7. Nb3 Be6 8. Qd2 Nbd7 9. f3 Be7 10. g4 Nb6 11. 0-0-0 Qc7 12. g5 Nfd7 13. h4 Rc8 14. Rh2 Nc4 15. Bxc4 Bxc4 16. Nd5 Bxd5 17. exd5 Nb6 18. Na5 Nc4 19. Nxc4 Qxc4 20. Kb1 b5 21. f4 0-0 22. f5 Kh8 23. h5 Qe4 24. Qf2 g6 25. f6 Bd8 26. Rdh1 gxh5 27. Rxh5 1-0

[Event "Oberliga Wuerttemberg 0102"]
[Site "Wuerttemberg"]
[Date "2002.??.??"]
[Round "5"]
[White "Frolik, Erhard"]
[Black "Migl, Dieter"]
[Result "0-1"]
[WhiteElo "2147"]
[BlackElo "2240"]
[PlyCount "54"]
[EventDate "2001.10.01"]
[EventType "team-tourn"]
[EventRounds "9"]
[EventCountry "GER"]
[SourceTitle "EXT 2019"]
[Source "ChessBase"]
[SourceDate "2018.10.10"]
[SourceVersion "1"]
[SourceVersionDate "2018.10.10"]
[SourceQuality "1"]
[WhiteTeam "Boeblingen"]
[BlackTeam "Stuttgart SF II"]
[WhiteTeamCountry "GER"]
[BlackTeamCountry "GER"]

1. e4 c5 2. Nf3 Nc6 3. d4 cxd4 4. Nxd4 Nf6 5. Nc3 d6 6. f3 g6 7. Be3 Bg7 8. Qd2 0-0 9. Bc4 Bd7 10. h4 Qb8 11. h5 Rc8 12. hxg6 hxg6 13. Bh6 Bh8 14. Nf5 d5 15. Bf4 e5 16. Bxe5 Qxe5 17. Rxh8+ Kxh8 18. Qh6+ Nh7 19. f4 Qf6 20. Nxd5 Qxb2 21. e5 Bxf5 22. Nf6 g5 23. Nxh7 Qc3+ 24. Kf2 Qd4+ 25. Ke1 Qe3+ 26. Kf1 Qxf4+ 27. Kg1 Qd4+ 0-1

[Event "Oberliga Wuerttemberg 0001"]
[Site "Wuerttemberg"]
[Date "2001.04.01"]
[Round "8"]
[White "Hahnewald, Peter"]
[Black "Frolik, Erhard"]
[Result "1/2-1/2"]
[WhiteElo "2129"]
[BlackElo "2280"]
[PlyCount "33"]
[EventDate "2000.10.15"]
[EventType "team"]
[EventRounds "9"]
[EventCountry "GER"]
[SourceTitle "EXT 2019"]
[Source "ChessBase"]
[SourceDate "2018.10.10"]
[SourceVersion "1"]
[SourceVersionDate "2018.10.10"]
[SourceQuality "1"]

1. Nf3 c5 2. g3 Nc6 3. Bg2 g6 4. c4 Bg7 5. Nc3 d6 6. 0-0 e5 7. d3 Nge7 8. a3 0-0 9. Rb1 a5 10. Nd5 Nxd5 11. cxd5 Ne7 12. Nd2 b5 13. a4 b4 14. Qc2 Ba6 15. b3 f5 16. f4 exf4 17. gxf4 1/2-1/2

[Event "Oberliga Wuerttemberg 0102"]
[Site "Wuerttemberg"]
[Date "2001.??.??"]
[Round "4"]
[White "Trettin, Ulrich"]
[Black "Frolik, Erhard"]
[Result "1/2-1/2"]
[WhiteElo "2080"]
[BlackElo "2147"]
[PlyCount "51"]
[EventDate "2001.10.01"]
[EventType "team-tourn"]
[EventRounds "9"]
[EventCountry "GER"]
[SourceTitle "EXT 2019"]
[Source "ChessBase"]
[SourceDate "2018.10.10"]
[SourceVersion "1"]
[SourceVersionDate "2018.10.10"]
[SourceQuality "1"]
[WhiteTeam "Tuebingen"]
[BlackTeam "Boeblingen"]
[WhiteTeamCountry "GER"]
[BlackTeamCountry "GER"]

1. d4 d5 2. Nf3 Nf6 3. Bg5 Ne4 4. Bf4 c5 5. c3 Nc6 6. e3 e6 7. Nbd2 Nxd2 8. Qxd2 Bd6 9. Bxd6 Qxd6 10. Be2 0-0 11. 0-0 Rd8 12. Rad1 b6 13. Rfe1 Bb7 14. a3 e5 15. dxe5 Nxe5 16. Nxe5 Qxe5 17. Bf3 Rd6 18. Qe2 Rad8 19. Rd2 h6 20. Red1 Bc8 21. g3 Bf5 22. e4 dxe4 23. Rxd6 Rxd6 24. Rxd6 Qxd6 25. Bxe4 Bxe4 26. Qxe4 1/2-1/2

[Event "Oberliga Wuerttemberg 9900"]
[Site "Wuerttemberg"]
[Date "2000.02.27"]
[Round "?"]
[White "Frolik, Erhard"]
[Black "Funke, Detlev"]
[Result "1-0"]
[WhiteElo "2250"]
[BlackElo "2209"]
[PlyCount "59"]
[EventDate "1999.??.??"]
[EventType "team"]
[EventRounds "9"]
[EventCountry "GER"]
[SourceTitle "EXT 2005"]
[Source "ChessBase"]
[SourceDate "2004.11.15"]
[SourceVersion "1"]
[SourceVersionDate "2004.11.15"]
[SourceQuality "1"]

1. e4 d6 2. d4 Nf6 3. Nc3 g6 4. Be3 c6 5. Qd2 b5 6. f3 Nbd7 7. g4 Nb6 8. Bd3 Qc7 9. 0-0-0 b4 10. Nce2 a5 11. Ng3 Be6 12. Kb1 Nc4 13. Bxc4 Bxc4 14. b3 Bb5 15. N1e2 Bg7 16. h4 Bxe2 17. Qxe2 h5 18. gxh5 Nxh5 19. Rdg1 a4 20. Qc4 Rb8 21. f4 Bf6 22. e5 dxe5 23. dxe5 Nxg3 24. Rxg3 Rxh4 25. Rxh4 Bxh4 26. Rh3 Be1 27. Rh8+ Kd7 28. e6+ fxe6 29. Qd4+ Qd6 30. Rxb8 1-0

[Event "Oberliga Wuerttemberg 9798"]
[Site "Wuerttemberg"]
[Date "1997.10.19"]
[Round "2"]
[White "Gritsch, Gabriel"]
[Black "Frolik, Erhard"]
[Result "1-0"]
[WhiteElo "2050"]
[BlackElo "2245"]
[PlyCount "67"]
[EventDate "1997.09.??"]
[EventType "team"]
[EventRounds "9"]
[EventCountry "GER"]
[SourceTitle "EXT 1999"]
[Source "ChessBase"]
[SourceDate "1998.11.16"]
[SourceVersion "1"]
[SourceVersionDate "1998.11.16"]
[SourceQuality "1"]

1. Nf3 d5 2. c4 c6 3. cxd5 cxd5 4. d4 Nf6 5. Nc3 Nc6 6. Bf4 a6 7. Rc1 Ne4 8. a3 Nxc3 9. Rxc3 g6 10. Ne5 Bg7 11. Nxc6 bxc6 12. Rxc6 0-0 13. e3 f6 14. Rc5 e5 15. dxe5 fxe5 16. Rxd5 Qc7 17. Bg5 Be6 18. Rd2 h6 19. Bh4 e4 20. Be2 Rab8 21. Bg3 Qf7 22. 0-0 Rxb2 23. Bxa6 Rb6 24. Rd6 Rxd6 25. Qxd6 Ra8 26. Bb7 Ra4 27. Qd8+ Kh7 28. Bc6 Rc4 29. Bb5 Rc2 30. a4 Qf5 31. Qe7 Bf7 32. h4 Rd2 33. Rc1 Bb2 34. Rc7 1-0

[Event "Oberliga Wuerttemberg 9596"]
[Site "Wuerttemberg"]
[Date "1996.??.??"]
[Round "?"]
[White "Frolik, Erhard"]
[Black "Trettin, Ulrich"]
[Result "1/2-1/2"]
[WhiteElo "2265"]
[BlackElo "2270"]
[PlyCount "26"]
[EventDate "1995.10.??"]
[EventType "team"]
[EventRounds "9"]
[EventCountry "GER"]
[SourceTitle "EXT 1999"]
[Source "ChessBase"]
[SourceDate "1998.11.16"]
[SourceVersion "1"]
[SourceVersionDate "1998.11.16"]
[SourceQuality "1"]

1. e4 c5 2. c3 Nf6 3. e5 Nd5 4. Nf3 e6 5. d4 cxd4 6. cxd4 d6 7. a3 Nc6 8. Bd3 g6 9. 0-0 Bg7 10. Re1 0-0 11. b4 b6 12. Bb2 Bb7 13. b5 Nce7 1/2-1/2